| 000 | 00359 a2200157 4500 | ||
|---|---|---|---|
| 001 | 73601 | ||
| 020 | _a9788526013506 | ||
| 040 | _cAnchieta - Colégio São Paulo | ||
| 100 | _aQueirós, Bartolemeu Campos de | ||
| 240 | 1 | 0 |
_aMenino inteiro _lpor |
| 245 | 1 | 0 | _aMenino inteiro |
| 300 | _a29 | ||
| 362 | 0 | _a2008 | |
| 650 | 4 | _aLiteratura infantil | |
| 942 | _cBK | ||
| 999 |
_c73601 _d73601 |
||